000
00251nam a22001097a 4500
999
_c
168719
_d
168719
082
_a
_b
100
_a
Ramesh Kumar Sharma
245
_a
Ritikal aur adhunik hindi kavitha/
_c
by Ramesh Kumar Sharma.
260
_a
_b
_c
650
_a
942
_c
BK